000
00359nam a22001217a 4500
040
_c
HS
082
_a
323
100
_a
NA
245
_a
សង្គមវិទ្យាជនបទ និងវិទ្យាសាស្ត្រសង្គមផ្សេងៗ rural sociology and social sciences
260
_a
NA
_b
NA
_c
NA
300
_a
131p;
942
_c
KB
999
_c
9065
_d
9065